000
00336nam a2200157Ia 4500
005
20251020182615.0
008
200515s9999 xx 000 0 und d
082
_a
SC/691/S57/1981
245
0
_a
Guía de proveedores
260
_a
Lima
260
_c
1981
300
_a
768
650
_a
GUIAS
650
_a
PROVEEDORES
942
_c
LIB
999
_c
3471
_d
3471